LEADER 01039nam0 22002651i 450 001 RML0237869 005 20231121125704.0 100 $a20121121d1987 ||||0itac50 ba 101 | $aita 102 $ait 181 1$6z01$ai $bxxxe 182 1$6z01$an 200 1 $a˜Il œruolo delle regioni e degli enti locali nei finanziamenti CEE$eprocedure di accesso, legislazionee modulistica$fPasquale Donvito 205 $a2a ristampa 210 $aRimini $cMaggioli $d1987 215 $a620 p.$d24 cm 700 1$aDONVITO$b, Pasquale$3RMLV151947$0249108 801 3$aIT$bIT-01$c20121121 850 $aIT-FR0098 899 $aBiblioteca Area Giuridico Economica$bFR0098 912 $aRML0237869 950 0$aBiblioteca Area Giuridico Economica$d 53CAM 342/77$e 53VM 0000066375 VM barcode:ECO005217. - Inventario:2858. - Fondo:Sala consultazioneVM$fA $h19950214$i20121204 977 $a 53 996 $aRuolo delle regioni e degli enti locali nei finanziamenti CEE$9198499 997 $aUNICAS LEADER 01061nam0 22002651i 450 001 RML0248199 005 20231121125709.0 100 $a20121121d1988 ||||0itac50 ba 101 | $aita 102 $ait 181 1$6z01$ai $bxxxe 182 1$6z01$an 200 1 $a˜L'œadynaton poetico-retorico e le sue implicazioni dottrinali$fAntonio Manzo 210 $aGenova $cDipartimento di Archeologia, Filologia classica e loro tradizioni $d1988 215 $a246 p.$d22 cm 300 $aIn testa al front. : Università di Genova, Facoltà di Lettere 700 1$aManzo$b, Antonio$3RMLV161404$0169724 801 3$aIT$bIT-01$c20121121 850 $aIT-FR0017 899 $aBiblioteca umanistica Giorgio Aprea$bFR0017 912 $aRML0248199 950 0$aBiblioteca umanistica Giorgio Aprea$d 52CIS 5/309$e 52VM 0000188135 VM barcode:00018022. - Inventario:24076 FLSVM$fA $h20021205$i20121204 977 $a 52 996 $aAdynaton poetico-retorico e le sue implicazioni dottrinali$9162047 997 $aUNICAS